Normal view
MARC view
Entry Personal Name
001 - CONTROL NUMBER
- control field: 1116651
003 - CONTROL NUMBER IDENTIFIER
- control field: OSt
005 - DATE AND TIME OF LATEST TRANSACTION
- control field: 20260225153104.0
008 - FIXED-LENGTH DATA ELEMENTS
- fixed length control field: 260225|| aca||aabn | a|a d
040 ## - CATALOGING SOURCE
- Original cataloging agency: OSt
- Transcribing agency: OSt
100 ## - HEADING--PERSONAL NAME
- Personal name: कुमार, अनिरुद्ध 'सुधांशु'
670 ## - SOURCE DATA FOUND
- Source citation: Work cat.: (OSt)1474587: कुमार, अनिरुद्ध 'सुधांशु' & सिंह, मृत्युंजय सिंह 875962, पटकथा तथा संवाद लेखन , 2016.
